[Event "WLS-ch"]
[Site "Ogmore-by-Sea"]
[Date "1992.04.20"]
[Round "6"]
[White "O'Neill, Paul A"]
[Black "Sheehan, Anthony"]
[Result "1-0"]
[WhiteElo "2180"]
[BlackElo "2010"]
[PlyCount "37"]
[EventDate "1992.04.17"]
[EventType "swiss"]
[EventRounds "7"]
[EventCountry "WLS"]
[SourceTitle "BritBase"]
[Source "John Saunders"]
[SourceDate "2024.03.28"]
[SourceVersion "1"]
[SourceVersionDate "2024.03.28"]
[SourceQuality "1"]

1. Nf3 d5 2. d4 Nf6 3. g3 g6 4. Bg2 Bg7 5. c4 c6 6. Nc3 O-O 7. O-O Nbd7 8. cxd5
cxd5 9. Qb3 e6 10. Bf4 Qb6 11. Nb5 a6 12. Nc7 Ra7 13. Qxb6 Nxb6 14. Bd6 Nc4 15.
Bxf8 Kxf8 16. b3 Na5 17. Rac1 Bd7 18. Ne5 Bc6 19. b4 1-0

[Event "WLS-ch"]
[Site "Ogmore-by-Sea"]
[Date "1992.04.20"]
[Round "6"]
[White "Perrett, David C"]
[Black "Evans, David K"]
[Result "1-0"]
[WhiteElo "2085"]
[BlackElo "2050"]
[PlyCount "87"]
[EventDate "1992.04.17"]
[EventType "swiss"]
[EventRounds "7"]
[EventCountry "WLS"]
[SourceTitle "BritBase"]
[Source "John Saunders"]
[SourceDate "2024.03.28"]
[SourceVersion "1"]
[SourceVersionDate "2024.03.28"]
[SourceQuality "1"]

1. d4 d6 2. c4 Nf6 3. Nc3 Nbd7 4. e4 e5 5. d5 Nc5 6. f3 a5 7. Be3 Be7 8. Nge2
O-O 9. Qd2 Ne8 10. Nc1 h6 11. Nd3 Bg5 12. Bxg5 Qxg5 13. Qxg5 hxg5 14. g4 Bd7
15. Kd2 Nf6 16. Nd1 Rfe8 17. Ne3 Kf8 18. h4 gxh4 19. Rxh4 g6 20. Be2 Kg7 21.
Rah1 Nxd3 22. Kxd3 Rh8 23. Kc3 Rxh4 24. Rxh4 Rh8 25. Rxh8 Kxh8 26. c5 Kg7 27.
cxd6 cxd6 28. Nc4 Bb5 29. Bd3 Bxc4 30. Kxc4 Nd7 31. Kb5 a4 32. Bc2 Kf6 33. Bxa4
Kg5 34. Ka5 Nc5 35. Be8 Nd3 36. Bxf7 Nxb2 37. Kb6 Nc4+ 38. Kxb7 Kf6 39. Be8 g5
40. Kc7 Ke7 41. Bb5 Nd2 42. Be2 Nb1 43. a4 Nc3 44. Bb5 1-0

[Event "WLS-ch"]
[Site "Ogmore-by-Sea"]
[Date "1992.04.20"]
[Round "6"]
[White "Richmond, Peter Allan"]
[Black "Jones, Iolo Cerredig"]
[Result "1/2-1/2"]
[WhiteElo "2220"]
[BlackElo "2285"]
[PlyCount "82"]
[EventDate "1992.04.17"]
[EventType "swiss"]
[EventRounds "7"]
[EventCountry "WLS"]
[SourceTitle "BritBase"]
[Source "John Saunders"]
[SourceDate "2024.03.28"]
[SourceVersion "1"]
[SourceVersionDate "2024.03.28"]
[SourceQuality "1"]

1. e4 e5 2. Nf3 Nf6 3. d4 Nxe4 4. dxe5 d5 5. Nbd2 Nxd2 6. Bxd2 Be7 7. c3 Nc6 8.
Bd3 Bg4 9. Bf4 Qd7 10. O-O Nd8 11. h3 Bh5 12. Bh2 Ne6 13. Bf5 Qc6 14. Nd4 Nxd4
15. Qxd4 Bc5 16. Qf4 O-O 17. Bc2 Bg6 18. Bxg6 Qxg6 19. Rad1 c6 20. Rd2 Rae8 21.
Qg4 Qxg4 22. hxg4 f6 23. Re1 fxe5 24. Rxe5 Rxe5 25. Bxe5 Re8 26. Bd4 Re1+ 27.
Kh2 Bxd4 28. cxd4 Kf7 29. f4 Ke6 30. Kg3 b6 31. Kf2 Re4 32. Kf3 Kd6 33. g5 c5
34. dxc5+ bxc5 35. g4 Re7 36. f5 c4 37. Rh2 d4 38. Rxh7 c3 39. bxc3 dxc3 40.
Rh2 Rc7 41. Rc2 Ke5 1/2-1/2

[Event "WLS-ch"]
[Site "Ogmore-by-Sea"]
[Date "1992.04.20"]
[Round "6"]
[White "Rizvi, Nasir"]
[Black "Dawson, Gary B"]
[Result "1/2-1/2"]
[WhiteElo "1990"]
[BlackElo "2010"]
[PlyCount "73"]
[EventDate "1992.04.17"]
[EventType "swiss"]
[EventRounds "7"]
[EventCountry "WLS"]
[SourceTitle "BritBase"]
[Source "John Saunders"]
[SourceDate "2024.03.28"]
[SourceVersion "1"]
[SourceVersionDate "2024.03.28"]
[SourceQuality "1"]

1. e4 e5 2. Nc3 Nf6 3. f4 d5 4. fxe5 Nxe4 5. d3 Nxc3 6. bxc3 d4 7. Nf3 Nc6 8.
Be2 Bc5 9. O-O dxc3+ 10. Kh1 O-O 11. Qe1 Nd4 12. Bd1 Bb6 13. Ng5 Bd7 14. Ne4
Bc6 15. Bg5 Qd7 16. Qg3 Bxe4 17. dxe4 Kh8 18. Rf4 Ne6 19. Rh4 Nxg5 20. Qxg5 Qd2
21. Qxd2 cxd2 22. Be2 Rad8 23. Rd1 Be3 24. Rh3 Bf4 25. Bd3 Kg8 26. Rf3 Bh6 27.
h4 Rd4 28. g4 g6 29. g5 Bg7 30. Rxd2 Bxe5 31. Kg2 c5 32. c3 Rdd8 33. Rdf2 Kg7
34. Bc4 Rd7 35. Bd5 b6 36. a4 f5 37. Be6 1/2-1/2

[Event "WLS-ch"]
[Site "Ogmore-by-Sea"]
[Date "1992.04.20"]
[Round "6"]
[White "Summers, Charles B"]
[Black "Smith, NJ"]
[Result "1/2-1/2"]
[WhiteElo "1950"]
[BlackElo "1780"]
[PlyCount "51"]
[EventDate "1992.04.17"]
[EventType "swiss"]
[EventRounds "7"]
[EventCountry "WLS"]
[SourceTitle "BritBase"]
[Source "John Saunders"]
[SourceDate "2024.03.28"]
[SourceVersion "1"]
[SourceVersionDate "2024.03.28"]
[SourceQuality "1"]

1. e4 e5 2. Nf3 d6 3. Bc4 Be7 4. c3 Nf6 5. Qe2 c6 6. Bb3 O-O 7. d4 Qc7 8. O-O
h6 9. h3 Re8 10. Nbd2 Bf8 11. Rd1 b6 12. Nh4 d5 13. dxe5 Qxe5 14. Ndf3 Qxe4 15.
Be3 Bc5 16. Bc2 Qe7 17. Nd4 Ne4 18. Nhf5 Qf6 19. Qf3 Bxd4 20. Nxd4 Qxf3 21.
gxf3 Ng5 22. h4 Ne6 23. Nf5 Ba6 24. Kh2 Kf8 25. Rg1 Nd7 26. Nxg7 1/2-1/2

[Event "WLS-ch"]
[Site "Ogmore-by-Sea"]
[Date "1992.04.20"]
[Round "6"]
[White "Williams, Leighton"]
[Black "Rees, Gwynfor"]
[Result "1-0"]
[WhiteElo "1900"]
[BlackElo "2010"]
[PlyCount "23"]
[EventDate "1992.04.17"]
[EventType "swiss"]
[EventRounds "7"]
[EventCountry "WLS"]
[SourceTitle "BritBase"]
[Source "John Saunders"]
[SourceDate "2024.03.28"]
[SourceVersion "1"]
[SourceVersionDate "2024.03.28"]
[SourceQuality "1"]

1. e4 e5 2. f4 Qh4+ 3. g3 Qe7 4. d3 d5 5. f5 d4 6. Bg2 c5 7. Nf3 Nc6 8. c3 Qd7
9. Na3 b6 10. Nc4 Bd6 11. Qa4 f6 $4 12. Nxb6 1-0

[Event "WLS-ch"]
[Site "Ogmore-by-Sea"]
[Date "1992.04.21"]
[Round "7"]
[White "Adams, Mark A"]
[Black "Rizvi, Nasir"]
[Result "1/2-1/2"]
[WhiteElo "2040"]
[BlackElo "1990"]
[PlyCount "103"]
[EventDate "1992.04.17"]
[EventType "swiss"]
[EventRounds "7"]
[EventCountry "WLS"]
[SourceTitle "BritBase"]
[Source "John Saunders"]
[SourceDate "2024.03.28"]
[SourceVersion "1"]
[SourceVersionDate "2024.03.28"]
[SourceQuality "1"]

1. e4 Nf6 2. e5 Nd5 3. d4 d6 4. Nf3 g6 5. Bc4 Nb6 6. Bb3 Bg7 7. O-O O-O 8. Qe2
Bg4 9. exd6 cxd6 10. c3 Nc6 11. Nbd2 e5 12. dxe5 dxe5 13. h3 Bxf3 14. Nxf3 h6
15. Rd1 Qc7 16. Qe4 Kh7 17. Qh4 Ne7 18. g4 f6 19. Qg3 Rad8 20. Nd4 Qc8 21. Ne2
Nc4 22. Bc2 Rxd1+ 23. Bxd1 Rd8 24. Bc2 Qc6 25. Qg2 Qxg2+ 26. Kxg2 Nxb2 27. Rb1
Nc4 28. Rxb7 Nc8 29. Ng3 N4d6 30. Rc7 Re8 31. Nh5 Re7 32. Rxe7 Nxe7 33. Nxg7
Kxg7 34. Be3 Nd5 35. Bxa7 Nxc3 36. a4 Nc4 37. Bc5 Nd5 38. Bb3 Nf4+ 39. Kh2 Na5
40. Bc2 Nd5 41. f3 Nb7 42. Bf2 Nb4 43. Be4 Na5 44. Bc5 Nbc6 45. Bd5 h5 46. gxh5
gxh5 47. Kg3 Kg6 48. Bb6 f5 49. Bxa5 Nxa5 50. Kh4 f4 51. Be4+ Kh6 52. Bd5
1/2-1/2

[Event "WLS-ch"]
[Site "Ogmore-by-Sea"]
[Date "1992.04.21"]
[Round "7"]
[White "Bennett, Roger BA"]
[Black "Rice, John P"]
[Result "1/2-1/2"]
[WhiteElo "1905"]
[BlackElo "1810"]
[PlyCount "53"]
[EventDate "1992.04.17"]
[EventType "swiss"]
[EventRounds "7"]
[EventCountry "WLS"]
[SourceTitle "BritBase"]
[Source "John Saunders"]
[SourceDate "2024.03.28"]
[SourceVersion "1"]
[SourceVersionDate "2024.03.28"]
[SourceQuality "1"]

1. e4 c5 2. Nc3 Nc6 3. f4 d6 4. Bc4 g6 5. Nf3 Bg7 6. O-O Nf6 7. d3 Na5 8. Bb5+
Bd7 9. Bxd7+ Nxd7 10. Qe1 Nc6 11. a3 Nd4 12. Nxd4 cxd4 13. Ne2 Rc8 14. c3 Nc5
15. cxd4 Nb3 16. Rb1 Nxd4 17. Nxd4 Bxd4+ 18. Be3 Qb6 19. Bxd4 Qxd4+ 20. Qf2
Qxf2+ 21. Rxf2 Kd7 22. Kf1 Rc6 23. Rd2 Rhc8 24. Rbd1 Rc2 25. Ke2 h6 26. Rxc2
Rxc2+ 27. Rd2 1/2-1/2

[Event "WLS-ch"]
[Site "Ogmore-by-Sea"]
[Date "1992.04.21"]
[Round "7"]
[White "Campbell, J"]
[Black "Evans, John S"]
[Result "1-0"]
[WhiteElo "1840"]
[BlackElo "2000"]
[PlyCount "75"]
[EventDate "1992.04.17"]
[EventType "swiss"]
[EventRounds "7"]
[EventCountry "WLS"]
[SourceTitle "BritBase"]
[Source "John Saunders"]
[SourceDate "2024.03.28"]
[SourceVersion "1"]
[SourceVersionDate "2024.03.28"]
[SourceQuality "1"]

1. e4 a6 2. Nf3 b5 3. d4 Bb7 4. Bd3 e6 5. O-O Be7 6. Re1 d6 7. Nbd2 Nd7 8. c3
e5 9. Nf1 Ngf6 10. Ng3 g6 11. h3 O-O 12. Bh6 Re8 13. a4 c6 14. Qb3 Bf8 15. Bxf8
Kxf8 16. Qd1 Kg7 17. Qd2 Ng8 18. axb5 cxb5 19. c4 bxc4 20. Bxc4 Nh6 21. Ra3 f6
22. Nh4 Nf7 23. Nhf5+ gxf5 24. Nxf5+ Kf8 25. Bxf7 Kxf7 26. Nxd6+ Ke6 27. Nxb7
Qb6 28. d5+ Kf7 29. Na5 Rg8 30. Nc4 Qc7 31. Ne3 Nb6 32. Rc1 Qd8 33. Nf5 Rg6 34.
Rac3 Ra7 35. Qe3 Rd7 36. Rc6 Na4 37. Qb3 Qa5 38. d6+ 1-0

[Event "WLS-ch"]
[Site "Ogmore-by-Sea"]
[Date "1992.04.21"]
[Round "7"]
[White "Cooper, John Grantley"]
[Black "O'Neill, Paul A"]
[Result "1-0"]
[WhiteElo "2360"]
[BlackElo "2180"]
[PlyCount "79"]
[EventDate "1992.04.17"]
[EventType "swiss"]
[EventRounds "7"]
[EventCountry "WLS"]
[SourceTitle "BritBase"]
[Source "John Saunders"]
[SourceDate "2024.03.28"]
[SourceVersion "1"]
[SourceVersionDate "2024.03.28"]
[SourceQuality "1"]

1. d4 Nf6 2. c4 c5 3. d5 Ne4 4. Qc2 Qa5+ 5. Nc3 Nxc3 6. Bd2 e5 7. Bxc3 Qc7 8.
e4 d6 9. Bd3 Nd7 10. Ne2 Be7 11. O-O O-O 12. a3 a6 13. b4 b5 14. Bd2 bxc4 15.
Bxc4 f5 16. Ba2 fxe4 17. Ng3 c4 18. Qxe4 Nf6 19. Qxc4 Qxc4 20. Bxc4 Bb7 21. Bg5
Rfc8 22. Rfc1 Rc7 23. Bb3 Rac8 24. Rxc7 Rxc7 25. Bxf6 gxf6 26. Nf5 Kf7 27. Kf1
Rc3 28. Rb1 Bc8 29. Nxe7 Kxe7 30. Ke2 Bf5 31. Rb2 Rc1 32. a4 Bd7 33. Bc2 h6 34.
b5 axb5 35. axb5 Bc8 36. Be4 f5 37. Rc2 Rxc2+ 38. Bxc2 Bb7 39. Bxf5 Bxd5 40. g3
{Time} 1-0

[Event "WLS-ch"]
[Site "Ogmore-by-Sea"]
[Date "1992.04.21"]
[Round "7"]
[White "Dawson, Gary B"]
[Black "Fish, Andrew"]
[Result "1-0"]
[WhiteElo "2010"]
[BlackElo "2030"]
[PlyCount "67"]
[EventDate "1992.04.17"]
[EventType "swiss"]
[EventRounds "7"]
[EventCountry "WLS"]
[SourceTitle "BritBase"]
[Source "John Saunders"]
[SourceDate "2024.03.28"]
[SourceVersion "1"]
[SourceVersionDate "2024.03.28"]
[SourceQuality "1"]

1. Nf3 Nf6 2. c4 c5 3. d4 cxd4 4. Nxd4 Nc6 5. Nc3 d6 6. e4 g6 7. Be2 Bg7 8. Be3
h5 9. h3 Bd7 10. O-O Qc8 11. Rc1 g5 12. Nxc6 Bxc6 13. Bxg5 Nxe4 14. Nxe4 Bxe4
15. Bf3 Bxf3 16. Qxf3 Qc6 17. Qe2 O-O-O 18. Qxe7 Rdg8 19. c5 d5 20. b4 Bh6 21.
Bxh6 Rxh6 22. Qxf7 Rhg6 23. g3 d4 24. Kh2 h4 25. g4 Rd8 26. Qf5+ Kb8 27. Rcd1
Rf6 28. Qe5+ Kc8 29. Rxd4 Re8 30. Qd5 Qb5 31. Kg2 Qe2 32. Rd2 Qe7 33. Rfd1 Rf7
34. c6 {Time} 1-0

[Event "WLS-ch"]
[Site "Ogmore-by-Sea"]
[Date "1992.04.21"]
[Round "7"]
[White "Evans, Carl"]
[Black "Summers, Charles B"]
[Result "1/2-1/2"]
[WhiteElo "1830"]
[BlackElo "1950"]
[PlyCount "74"]
[EventDate "1992.04.17"]
[EventType "swiss"]
[EventRounds "7"]
[EventCountry "WLS"]
[SourceTitle "BritBase"]
[Source "John Saunders"]
[SourceDate "2024.03.28"]
[SourceVersion "1"]
[SourceVersionDate "2024.03.28"]
[SourceQuality "1"]

1. Nf3 c5 2. g3 Nc6 3. Bg2 g6 4. d3 Bg7 5. e4 d6 6. Nbd2 e5 7. c3 Be6 8. Qc2
Rc8 9. O-O h6 10. Ne1 g5 11. Nc4 b5 12. Ne3 Nge7 13. Nd5 Ng6 14. Be3 O-O 15.
Qe2 Qd7 16. Nc2 Nce7 17. Bd2 Nxd5 18. exd5 Bg4 19. f3 Bh3 20. Bxh3 Qxh3 21. a4
Rb8 22. axb5 Rxb5 23. b4 cxb4 24. c4 Rb7 25. Bxb4 Qd7 26. Ra6 Rb6 27. Rxb6 axb6
28. Na3 Ra8 29. Nb5 Bf8 30. Rb1 f5 31. Kg2 f4 32. Rb2 fxg3 33. hxg3 h5 34. Qe4
Kg7 35. Bd2 Be7 36. Be3 h4 37. g4 Ra1 1/2-1/2

[Event "WLS-ch"]
[Site "Ogmore-by-Sea"]
[Date "1992.04.21"]
[Round "7"]
[White "Green, Karl"]
[Black "Morton, Robert"]
[Result "0-1"]
[WhiteElo "1780"]
[BlackElo "1905"]
[PlyCount "102"]
[EventDate "1992.04.17"]
[EventType "swiss"]
[EventRounds "7"]
[EventCountry "WLS"]
[SourceTitle "BritBase"]
[Source "John Saunders"]
[SourceDate "2024.03.28"]
[SourceVersion "1"]
[SourceVersionDate "2024.03.28"]
[SourceQuality "1"]

1. d4 Nf6 2. Nf3 e6 3. e3 Be7 4. Be2 O-O 5. a3 b6 6. Nbd2 Bb7 7. b4 d6 8. O-O
Nbd7 9. Bb2 c5 10. c3 Qc7 11. Rc1 Rac8 12. dxc5 dxc5 13. b5 Rfd8 14. c4 Ne4 15.
Nxe4 Bxe4 16. Qb3 Bf6 17. Rfd1 Ne5 18. Nxe5 Bxe5 19. Bxe5 Qxe5 20. Rxd8+ Rxd8
21. Rd1 Qc7 22. f3 Bg6 23. Rxd8+ Qxd8 24. Qc3 f6 25. Kf2 Kf7 26. g3 e5 27. f4
exf4 28. exf4 Qd4+ 29. Qxd4 cxd4 30. g4 Be4 31. Ke1 g6 32. Kd2 Ke6 33. Bd3 f5
34. g5 Kd6 35. h4 Kc5 36. Be2 Bb1 37. h5 Ba2 38. hxg6 hxg6 39. Bd1 Bxc4 40. a4
Kb4 41. Bc2 Bb3 42. Bxb3 Kxb3 43. Kd3 Kxa4 44. Kxd4 Kxb5 45. Ke5 a5 46. Kf6 a4
47. Kxg6 a3 48. Kxf5 a2 49. g6 a1=Q 50. Kg5 Qg1+ 51. Kf5 Qg3 0-1

[Event "WLS-ch"]
[Site "Ogmore-by-Sea"]
[Date "1992.04.21"]
[Round "7"]
[White "Jones, Iolo Cerredig"]
[Black "James, David J"]
[Result "1/2-1/2"]
[WhiteElo "2285"]
[BlackElo "2225"]
[PlyCount "66"]
[EventDate "1992.04.17"]
[EventType "swiss"]
[EventRounds "7"]
[EventCountry "WLS"]
[SourceTitle "BritBase"]
[Source "John Saunders"]
[SourceDate "2024.03.28"]
[SourceVersion "1"]
[SourceVersionDate "2024.03.28"]
[SourceQuality "1"]

1. Nf3 c5 2. g3 Nc6 3. Bg2 e5 4. d3 g6 5. e4 Nge7 6. O-O Bg7 7. Nc3 O-O 8. Ne1
d6 9. f4 f5 10. Nf3 h6 11. Nd5 Be6 12. fxe5 Nxd5 13. exd5 Bxd5 14. exd6 Qxd6
15. Bf4 Qd7 16. c3 Rad8 17. Qc2 Rfe8 18. Rae1 Rxe1 19. Nxe1 Bxg2 20. Qxg2 Qe6
21. a3 b6 22. Qf3 Rd7 23. Ng2 g5 24. Bc1 Ne5 25. Qxf5 Qxf5 26. Rxf5 Nxd3 27.
Rf1 Nxc1 28. Rxc1 Rd2 29. Rb1 Kf7 30. Ne3 Ke6 31. Re1 Kd7 32. Rf1 Kc6 33. Rf7
Rd7 1/2-1/2

[Event "WLS-ch"]
[Site "Ogmore-by-Sea"]
[Date "1992.04.21"]
[Round "7"]
[White "Martin, David"]
[Black "Evans, Deborah M"]
[Result "1-0"]
[WhiteElo "1900"]
[BlackElo "1960"]
[PlyCount "53"]
[EventDate "1992.04.17"]
[EventType "swiss"]
[EventRounds "7"]
[EventCountry "WLS"]
[SourceTitle "BritBase"]
[Source "John Saunders"]
[SourceDate "2024.03.28"]
[SourceVersion "1"]
[SourceVersionDate "2024.03.28"]
[SourceQuality "1"]

1. c4 e5 2. Nc3 Nf6 3. g3 d5 4. cxd5 Nxd5 5. Bg2 Nb6 6. d3 Be7 7. Nf3 Nc6 8.
O-O O-O 9. a3 a5 10. h4 h6 11. e4 Bg4 12. Be3 Nd4 13. Bxd4 exd4 14. Ne2 Bf6 15.
Nd2 Qd7 16. Kh2 g5 17. hxg5 hxg5 18. f3 Bh5 19. Bh3 Qb5 20. Qc2 c6 21. a4 Qb4
22. b3 Rad8 23. Nc4 Nd7 24. f4 b5 25. axb5 cxb5 26. Nxa5 Nc5 27. g4 1-0

[Event "WLS-ch"]
[Site "Ogmore-by-Sea"]
[Date "1992.04.21"]
[Round "7"]
[White "Miles, Richard J"]
[Black "Cordy, Steven"]
[Result "1/2-1/2"]
[WhiteElo "2100"]
[BlackElo "1995"]
[PlyCount "39"]
[EventDate "1992.04.17"]
[EventType "swiss"]
[EventRounds "7"]
[EventCountry "WLS"]
[SourceTitle "BritBase"]
[Source "John Saunders"]
[SourceDate "2024.03.28"]
[SourceVersion "1"]
[SourceVersionDate "2024.03.28"]
[SourceQuality "1"]

1. c4 Nf6 2. Nc3 e5 3. Nf3 Nc6 4. d4 exd4 5. Nxd4 Bb4 6. Bg5 h6 7. Bh4 d6 8.
Rc1 Ne5 9. Qa4+ Bd7 10. Qxb4 c5 11. Bxf6 gxf6 12. Qb3 cxd4 13. Nd5 Qa5+ 14. Qb4
Qxb4+ 15. Nxb4 Rc8 16. e3 dxe3 17. fxe3 Be6 18. b3 d5 19. c5 Ke7 20. Kd2
1/2-1/2

[Event "WLS-ch"]
[Site "Ogmore-by-Sea"]
[Date "1992.04.21"]
[Round "7"]
[White "Morris, Gareth"]
[Black "Hannon, Mark"]
[Result "1-0"]
[WhiteElo "1975"]
[BlackElo "2050"]
[PlyCount "99"]
[EventDate "1992.04.17"]
[EventType "swiss"]
[EventRounds "7"]
[EventCountry "WLS"]
[SourceTitle "BritBase"]
[Source "John Saunders"]
[SourceDate "2024.03.28"]
[SourceVersion "1"]
[SourceVersionDate "2024.03.28"]
[SourceQuality "1"]

1. d4 e6 2. c4 f5 3. g3 Nf6 4. Bg2 Bb4+ 5. Bd2 Be7 6. Nc3 O-O 7. Nh3 d6 8. Qc2
Na6 9. a3 c5 10. d5 e5 11. e4 fxe4 12. Nxe4 Nxe4 13. Qxe4 Bf5 14. Qe2 Nc7 15.
f4 Qd7 16. fxe5 dxe5 17. Nf2 Ne8 18. O-O Nd6 19. Ne4 b6 20. Nxd6 Bxd6 21. a4 a5
22. Be4 Bxe4 23. Qxe4 Rxf1+ 24. Kxf1 Rf8+ 25. Kg2 Qf7 26. Be3 Qh5 27. Bg1 Qg5
28. Be3 Qh5 29. Re1 Rf6 30. g4 Qh4 31. Re2 Rg6 32. h3 Qe7 33. b3 Qf7 34. Rf2
Rf6 35. Rxf6 Qxf6 36. Qf3 Qe7 37. Qf5 h6 38. g5 hxg5 39. Bxg5 Qf7 40. Qxf7+
Kxf7 41. Bd8 Kg6 42. Bxb6 Kf5 43. Kf3 e4+ 44. Ke2 Kf4 45. Bxa5 Kg3 46. Bd2 Kxh3
47. a5 Kg4 48. a6 Bb8 49. d6 Kf5 50. d7 1-0

[Event "WLS-ch"]
[Site "Ogmore-by-Sea"]
[Date "1992.04.21"]
[Round "7"]
[White "Perrett, David C"]
[Black "Morris, Charles F"]
[Result "1/2-1/2"]
[WhiteElo "2085"]
[BlackElo "2220"]
[PlyCount "164"]
[EventDate "1992.04.17"]
[EventType "swiss"]
[EventRounds "7"]
[EventCountry "WLS"]
[SourceTitle "BritBase"]
[Source "John Saunders"]
[SourceDate "2024.03.28"]
[SourceVersion "1"]
[SourceVersionDate "2024.03.28"]
[SourceQuality "1"]

1. d4 e6 2. Nf3 d5 3. g3 c5 4. Bg2 Nc6 5. O-O Nf6 6. c4 Be7 7. Nc3 O-O 8. Bg5
dxc4 9. dxc5 Qxd1 10. Rfxd1 Bxc5 11. Rac1 Na5 12. Ne5 h6 13. Bd2 Bd4 14. Nf3
Bb6 15. Nb5 Bd7 16. Nd6 Bc6 17. Bxa5 Bxa5 18. Nxc4 Bb4 19. Nce5 Bd5 20. a3 Ba5
21. Nc4 Bd8 22. Nfe5 Bc7 23. Nd3 Bxg2 24. Kxg2 Rac8 25. Ne3 Bb6 26. Nc4 Bc7 27.
Ne3 Rfd8 28. Rc2 Bb6 29. Nc4 Ne4 30. Rdc1 Bd4 31. Nd2 Rxc2 32. Rxc2 Nxd2 33.
Rxd2 Bb6 34. Rc2 f6 35. f4 Kf8 36. Kf3 Ke7 37. h4 h5 38. b4 a6 39. Nb2 g6 40.
Na4 Ba7 41. Nc3 f5 42. Na4 b5 43. Nb2 Bd4 44. Nd3 Rd6 45. Rc8 Kd7 46. Rg8 Rc6
47. e3 Rc3 48. Ke2 Bb6 49. Rxg6 Rxa3 50. Rg7+ Kd6 51. Rh7 a5 52. bxa5 Bxa5 53.
Rxh5 b4 54. Rh8 Ra2+ 55. Kf3 Ra3 56. Rb8 Bc7 57. Rxb4 Rxd3 58. Ke2 Ra3 59. Rb1
Ke7 60. Kf2 Ra2+ 61. Kf3 Ra3 62. h5 Kf6 63. h6 Kg6 64. h7 Kxh7 65. Rb7 Rc3 66.
g4 Kg6 67. gxf5+ Kxf5 68. Rb5+ Kf6 69. Ke4 Ra3 70. Rb2 Bd6 71. Rh2 Bc5 72. Rh3
Ra4+ 73. Kf3 Bxe3 74. Rh6+ Kg7 75. Rxe6 Bc1 76. Re4 Ra3+ 77. Kg4 Kf6 78. Rc4
Bd2 79. Rc6+ Ke7 80. Rc4 Ra8 81. Rd4 Bc3 82. Rc4 Rg8+ 1/2-1/2

[Event "WLS-ch"]
[Site "Ogmore-by-Sea"]
[Date "1992.04.21"]
[Round "7"]
[White "Rayner, Francis"]
[Black "Richmond, Peter Allan"]
[Result "1/2-1/2"]
[WhiteElo "2225"]
[BlackElo "2220"]
[PlyCount "25"]
[EventDate "1992.04.17"]
[EventType "swiss"]
[EventRounds "7"]
[EventCountry "WLS"]
[SourceTitle "BritBase"]
[Source "John Saunders"]
[SourceDate "2024.03.28"]
[SourceVersion "1"]
[SourceVersionDate "2024.03.28"]
[SourceQuality "1"]

1. e4 e5 2. Nf3 d6 3. d4 exd4 4. Qxd4 Nf6 5. Nc3 Be7 6. Bg5 O-O 7. O-O-O Nc6 8.
Qd2 Be6 9. Bd3 Ng4 10. Bxe7 Qxe7 11. Nd5 Bxd5 12. exd5 Nce5 13. Nxe5 1/2-1/2

[Event "WLS-ch"]
[Site "Ogmore-by-Sea"]
[Date "1992.04.21"]
[Round "7"]
[White "Rees, Gwynfor"]
[Black "May, Adam John"]
[Result "1/2-1/2"]
[WhiteElo "2010"]
[BlackElo "1840"]
[PlyCount "58"]
[EventDate "1992.04.17"]
[EventType "swiss"]
[EventRounds "7"]
[EventCountry "WLS"]
[SourceTitle "BritBase"]
[Source "John Saunders"]
[SourceDate "2024.03.28"]
[SourceVersion "1"]
[SourceVersionDate "2024.03.28"]
[SourceQuality "1"]

1. d4 Nf6 2. Nf3 g6 3. c4 Bg7 4. g3 O-O 5. Bg2 d6 6. O-O Nbd7 7. Nc3 e5 8. e4
c6 9. h3 Qb6 10. dxe5 dxe5 11. Qc2 a5 12. Na4 Qb4 13. a3 Qe7 14. c5 b5 15. cxb6
Bb7 16. Be3 Rfc8 17. Nc5 Nxc5 18. Bxc5 Qe8 19. Nd2 Ba6 20. Rfd1 Rcb8 21. Bf1
Nd7 22. b4 Nxb6 23. Bxa6 Rxa6 24. Bxb6 Raxb6 25. Nc4 Ra6 26. Nxa5 Bf8 27. Qd3
Ra7 28. Rac1 c5 29. Qd5 Rc8 1/2-1/2

[Event "WLS-ch"]
[Site "Ogmore-by-Sea"]
[Date "1992.04.21"]
[Round "7"]
[White "Sheehan, Anthony"]
[Black "Bevan, Peter M"]
[Result "1/2-1/2"]
[WhiteElo "2010"]
[BlackElo "2050"]
[PlyCount "93"]
[EventDate "1992.04.17"]
[EventType "swiss"]
[EventRounds "7"]
[EventCountry "WLS"]
[SourceTitle "BritBase"]
[Source "John Saunders"]
[SourceDate "2024.03.28"]
[SourceVersion "1"]
[SourceVersionDate "2024.03.28"]
[SourceQuality "1"]

1. e4 Nf6 2. e5 Nd5 3. d4 d6 4. Nf3 dxe5 5. dxe5 Bg4 6. Be2 e6 7. O-O Be7 8. c4
Nb6 9. Nc3 Qxd1 10. Rxd1 Nc6 11. Bf4 O-O 12. h3 Bh5 13. a3 Rfd8 14. b4 Bxf3 15.
gxf3 Nd4 16. c5 Nxe2+ 17. Nxe2 Nd5 18. Bd2 a5 19. Nf4 Rd7 20. Kf1 Rad8 21. Ke2
axb4 22. axb4 b6 23. Nxe6 fxe6 24. c6 Nf4+ 25. Bxf4 Rxd1 26. Rxd1 Rxd1 27. Kxd1
Bxb4 28. Bg5 Ba5 29. Kc2 Kf7 30. Kb3 h6 31. Be3 Kg6 32. Kc4 Kf5 33. f4 Ke4 34.
h4 h5 35. Bc1 Be1 36. Ba3 Bxf2 37. Bd6 b5+ 38. Kxb5 Bb6 39. Ka6 Kxf4 40. Kb7 g5
41. Bxc7 Bxc7 42. Kxc7 gxh4 43. Kd6 h3 44. c7 h2 45. c8=Q h1=Q 46. Qf8+ Ke3 47.
Kxe6 1/2-1/2

[Event "WLS-ch"]
[Site "Ogmore-by-Sea"]
[Date "1992.04.21"]
[Round "7"]
[White "Smith, Jeff R"]
[Black "Fletcher, John"]
[Result "1-0"]
[WhiteElo "2165"]
[BlackElo "1885"]
[PlyCount "20"]
[EventDate "1992.04.17"]
[EventType "swiss"]
[EventRounds "7"]
[EventCountry "WLS"]
[SourceTitle "BritBase"]
[Source "John Saunders"]
[SourceDate "2024.03.28"]
[SourceVersion "1"]
[SourceVersionDate "2024.03.28"]
[SourceQuality "1"]

1. c4 Nf6 2. Nc3 e5 3. Nf3 b5 4. Nxe5 d6 5. Nf3 bxc4 6. e4 Bb7 7. Bxc4 Nxe4 8.
Bxf7+ Kd7 9. Ne5+ dxe5 10. Qg4+ Kd6 1-0

[Event "WLS-ch"]
[Site "Ogmore-by-Sea"]
[Date "1992.04.21"]
[Round "7"]
[White "Smith, NJ"]
[Black "Eustis, Ian P"]
[Result "1/2-1/2"]
[WhiteElo "1780"]
[BlackElo "1880"]
[PlyCount "48"]
[EventDate "1992.04.17"]
[EventType "swiss"]
[EventRounds "7"]
[EventCountry "WLS"]
[SourceTitle "BritBase"]
[Source "John Saunders"]
[SourceDate "2024.03.28"]
[SourceVersion "1"]
[SourceVersionDate "2024.03.28"]
[SourceQuality "1"]

1. d4 d5 2. c4 c6 3. e3 Bf5 4. Nf3 Nf6 5. Be2 e6 6. O-O Bd6 7. b3 Nbd7 8. Bb2
Ne4 9. Nbd2 O-O 10. Ne5 Nxd2 11. Qxd2 f6 12. Nf3 Bg4 13. h3 Bxf3 14. Bxf3 f5
15. cxd5 exd5 16. Qc2 Qe7 17. a4 a5 18. Qc1 Nf6 19. Ba3 Ne4 20. Bxd6 Qxd6 21.
Qc2 Qb4 22. Bxe4 fxe4 23. Rac1 Rf7 24. Qc3 Qxc3 1/2-1/2